000 00647nam a2200241Ia 4500
003 OSt
005 20220924131904.0
006 a|||||r|||| 00| 0
007 ta
008 220923b |||||||| |||| 00| 0 tel d
020 _c12.50
024 _a336945
037 _cTextual
040 _aARTS
_cARTS
_btel
041 _2tel
_atel
082 _a035,3NSY,6, M1
100 _aSyamalaraali A. Au.
_9203190
245 0 _aPasidi kiranaalu
260 _aVijayawada
_bNavajyothi publication
_c1981
650 _aTELUGU FICTION
942 _h035,3NSY,6, M1
_cTEXL
_2CC
999 _c428555
_d428555